Deflácia a kríza v eurozóne

Deflácia a jej vplyv na vývoj verejných financií. Nízky rast nominálnych veličín môže zvyšovať verejný dlh. Tieto obavy patria k hlavným rizikám prognózy MFSR. Vplyv poklesu cien pre eurozónu a Slovensko.

Enregistré dans:
Détails bibliographiques
Auteur principal: Trnovský, Karol, 1983-
Format: Chapitre de livre
Langue:slovaque
Sujets:
Tags: Ajouter un tag
Pas de tags, Soyez le premier à ajouter un tag!

MARC

LEADER 00000nla a2200000 4500
001 0198009
005 20240502073338.3
041 0 |a slo 
044 |a SK 
245 1 0 |a Deflácia a kríza v eurozóne  |c Karol Trnovský 
520 |a Deflácia a jej vplyv na vývoj verejných financií. Nízky rast nominálnych veličín môže zvyšovať verejný dlh. Tieto obavy patria k hlavným rizikám prognózy MFSR. Vplyv poklesu cien pre eurozónu a Slovensko. 
610 2 0 |a deflácia 
610 2 0 |a inflácia 
610 2 0 |a prognózy 
610 2 0 |a ceny 
610 2 0 |a rast hospodársky 
610 2 0 |a teórie ekonomické 
610 2 0 |a eurozóna 
610 2 0 |a Slovensko 
100 1 |a Trnovský, Karol, 1983-